| 000 | 00685nam a22002417a 4500 | ||
|---|---|---|---|
| 001 | 3514 | ||
| 003 | FISKH | ||
| 005 | 20240315091138.0 | ||
| 008 | 240315b cb ||||| |||| 00| 0 eng d | ||
| 040 |
_aFISK _beng _cFISK _dFISK |
||
| 050 | _aGV1545.H8 | ||
| 082 | _a793.8092 | ||
| 100 |
_aKraske Robert _d1926- |
||
| 245 |
_aHarry houdini / _cRobert Kraske |
||
| 260 |
_aNew York : _bScholastic, _c1973 |
||
| 300 |
_a72 pages : _c20 cm |
||
| 505 | _aM | ||
| 520 | _aA brief biography of Ehrich Weiss, who gained renown as Harry Houdini, master magician and escape artist. | ||
| 521 | 8 |
_a710 _bLexile |
|
| 700 | _aRobert Kraske | ||
| 942 |
_2ddc _cBK _n0 |
||
| 999 |
_c3514 _d3514 |
||